<?xml version="1.0" encoding="UTF-8"?>
<record
    xmlns:xsi="http://www.w3.org/2001/XMLSchema-instance"
    xsi:schemaLocation="http://www.loc.gov/MARC21/slim http://www.loc.gov/standards/marcxml/schema/MARC21slim.xsd"
    xmlns="http://www.loc.gov/MARC21/slim">

  <leader>01516nam0a22002531  4500</leader>
  <controlfield tag="001">rc\4621742</controlfield>
  <controlfield tag="005">20250611211321.0</controlfield>
  <datafield tag="035" ind1=" " ind2=" ">
    <subfield code="a">(NLR Aleph) 008400036</subfield>
  </datafield>
  <datafield tag="090" ind1=" " ind2=" ">
    <subfield code="a">9230640</subfield>
    <subfield code="c">9230640</subfield>
  </datafield>
  <datafield tag="100" ind1=" " ind2=" ">
    <subfield code="a">20130416d1964    |||y0rusy50      ca</subfield>
  </datafield>
  <datafield tag="101" ind1="0" ind2=" ">
    <subfield code="a">rus</subfield>
  </datafield>
  <datafield tag="102" ind1=" " ind2=" ">
    <subfield code="a">RU</subfield>
  </datafield>
  <datafield tag="105" ind1=" " ind2=" ">
    <subfield code="a">y   z   |||||</subfield>
  </datafield>
  <datafield tag="200" ind1="1" ind2=" ">
    <subfield code="a">&#x422;&#x435;&#x437;&#x438;&#x441;&#x44B; &#x434;&#x43E;&#x43A;&#x43B;&#x430;&#x434;&#x43E;&#x432; &#x438; &#x441;&#x43E;&#x43E;&#x431;&#x449;&#x435;&#x43D;&#x438;&#x439;</subfield>
    <subfield code="f">&#x413;&#x43E;&#x441;. &#x43A;&#x43E;&#x43C;. &#x430;&#x432;&#x442;&#x43E;&#x442;&#x440;&#x430;&#x43A;&#x442;&#x43E;&#x440;&#x43D;&#x43E;&#x433;&#x43E; &#x438; &#x441;.-&#x445;. &#x43C;&#x430;&#x448;&#x438;&#x43D;&#x43E;&#x441;&#x442;&#x440;&#x43E;&#x435;&#x43D;&#x438;&#x44F; &#x43F;&#x440;&#x438; &#x413;&#x43E;&#x441;&#x43F;&#x43B;&#x430;&#x43D;&#x435; &#x421;&#x421;&#x421;&#x420;. &#x426;&#x435;&#x43D;&#x442;&#x440;. &#x43E;&#x440;&#x434;&#x435;&#x43D;&#x430; &#x422;&#x440;&#x443;&#x434;. &#x41A;&#x440;&#x430;&#x441;&#x43D;&#x43E;&#x433;&#x43E; &#x417;&#x43D;&#x430;&#x43C;&#x435;&#x43D;&#x438; &#x43D;&#x430;&#x443;&#x447;.-&#x438;&#x441;&#x441;&#x43B;&#x435;&#x434;. &#x430;&#x432;&#x442;&#x43E;&#x43C;&#x43E;&#x431;. &#x438; &#x430;&#x432;&#x442;&#x43E;&#x43C;&#x43E;&#x442;&#x43E;&#x440;&#x43D;&#x44B;&#x439; &#x438;&#x43D;-&#x442;. &#x41D;&#x410;&#x41C;&#x418;. &#x41D;&#x430;&#x443;&#x447;.-&#x442;&#x435;&#x445;&#x43D;. &#x43E;-&#x432;&#x43E; &#x43C;&#x430;&#x448;&#x438;&#x43D;&#x43E;&#x441;&#x442;&#x440;&#x43E;&#x438;&#x442;. &#x43F;&#x440;&#x43E;&#x43C;-&#x441;&#x442;&#x438;. &#x41D;&#x422;&#x41E; &#x41C;&#x430;&#x448;&#x43F;&#x440;&#x43E;&#x43C;. &#x41E;&#x442;&#x440;&#x430;&#x441;&#x43B;&#x435;&#x432;&#x43E;&#x439; &#x43D;&#x430;&#x443;&#x447;.-&#x442;&#x435;&#x445;&#x43D;. &#x441;&#x435;&#x43C;&#x438;&#x43D;&#x430;&#x440; "&#x41D;&#x435;&#x443;&#x441;&#x442;&#x430;&#x43D;&#x43E;&#x432;&#x438;&#x432;&#x448;&#x438;&#x435;&#x441;&#x44F; &#x440;&#x435;&#x436;&#x438;&#x43C;&#x44B; &#x440;&#x430;&#x431;&#x43E;&#x442;&#x44B; &#x431;&#x44B;&#x441;&#x442;&#x440;&#x43E;&#x445;&#x43E;&#x434;&#x43D;&#x44B;&#x445; &#x434;&#x432;&#x438;&#x433;&#x430;&#x442;&#x435;&#x43B;&#x435;&#x439; &#x432;&#x43D;&#x443;&#x442;&#x440;&#x435;&#x43D;&#x43D;&#x435;&#x433;&#x43E; &#x441;&#x433;&#x43E;&#x440;&#x430;&#x43D;&#x438;&#x44F;". 26-28 &#x434;&#x435;&#x43A;. 1964 &#x433;.</subfield>
  </datafield>
  <datafield tag="210" ind1=" " ind2=" ">
    <subfield code="a">&#x41C;&#x43E;&#x441;&#x43A;&#x432;&#x430;</subfield>
    <subfield code="c">&#x411;. &#x438;.</subfield>
    <subfield code="d">[1964]</subfield>
  </datafield>
  <datafield tag="215" ind1=" " ind2=" ">
    <subfield code="a">31 &#x43B;.</subfield>
    <subfield code="d">30</subfield>
  </datafield>
  <datafield tag="300" ind1=" " ind2=" ">
    <subfield code="a">&#x41E;&#x442;&#x43F;&#x435;&#x447;. &#x43C;&#x43D;&#x43E;&#x436;&#x438;&#x442;. &#x430;&#x43F;&#x43F;&#x430;&#x440;&#x430;&#x442;&#x43E;&#x43C;</subfield>
  </datafield>
  <datafield tag="710" ind1="1" ind2="2">
    <subfield code="a">"&#x41D;&#x435;&#x443;&#x441;&#x442;&#x430;&#x43D;&#x43E;&#x432;&#x438;&#x432;&#x448;&#x438;&#x435;&#x441;&#x44F; &#x440;&#x435;&#x436;&#x438;&#x43C;&#x44B; &#x440;&#x430;&#x431;&#x43E;&#x442;&#x44B; &#x431;&#x44B;&#x441;&#x442;&#x440;&#x43E;&#x445;&#x43E;&#x434;&#x43D;&#x44B;&#x445; &#x434;&#x432;&#x438;&#x433;&#x430;&#x442;&#x435;&#x43B;&#x435;&#x439; &#x432;&#x43D;&#x443;&#x442;&#x440;&#x435;&#x43D;&#x43D;&#x435;&#x433;&#x43E; &#x441;&#x433;&#x43E;&#x440;&#x430;&#x43D;&#x438;&#x44F;", &#x43E;&#x442;&#x440;&#x430;&#x441;&#x43B;&#x435;&#x432;&#x43E;&#x439; &#x43D;&#x430;&#x443;&#x447;&#x43D;&#x43E;-&#x442;&#x435;&#x445;&#x43D;&#x438;&#x447;&#x435;&#x441;&#x43A;&#x438;&#x439; &#x441;&#x435;&#x43C;&#x438;&#x43D;&#x430;&#x440;</subfield>
    <subfield code="e">&#x41C;&#x43E;&#x441;&#x43A;&#x432;&#x430;</subfield>
    <subfield code="f">1964</subfield>
    <subfield code="9">855456</subfield>
    <subfield code="3">RU\NLR\AUTH\880594988</subfield>
  </datafield>
  <datafield tag="801" ind1=" " ind2="0">
    <subfield code="a">RU</subfield>
    <subfield code="b">NLR</subfield>
    <subfield code="g">psbo</subfield>
  </datafield>
  <datafield tag="801" ind1=" " ind2="1">
    <subfield code="a">RU</subfield>
    <subfield code="b">ELAR</subfield>
    <subfield code="2">rusmarc</subfield>
  </datafield>
  <datafield tag="852" ind1=" " ind2=" ">
    <subfield code="a">NLR</subfield>
    <subfield code="j">65-8/24</subfield>
  </datafield>
  <datafield tag="942" ind1=" " ind2=" ">
    <subfield code="c">BOOK</subfield>
  </datafield>
  <datafield tag="980" ind1=" " ind2=" ">
    <subfield code="a">NB</subfield>
  </datafield>
  <datafield tag="995" ind1=" " ind2=" ">
    <subfield code="5">2013-10-26</subfield>
    <subfield code="b">NLR01</subfield>
    <subfield code="c">NLR01</subfield>
    <subfield code="e">RF31</subfield>
    <subfield code="f">8400036-10</subfield>
    <subfield code="k">65-8/24</subfield>
    <subfield code="o">0</subfield>
    <subfield code="r">BOOK</subfield>
    <subfield code="s">65824_</subfield>
  </datafield>
</record>
